000 00340nam a2200133Ia 4500
005 20260328104329.0
008 260328s9999||||xx |||||||||||||| ||und||
100 _aChueca Goitia, Fernando
245 0 _aBreve Historia del Urbanismo /
_cFernando Chueca Goitia
260 _bAlianza
300 _a217 p.
650 _aURBANISMO
942 _cBK
999 _c11641
_d11641